Finland

Bibliographic Details
Format: Serial
Language:English
PhysicalDescription:zv. cm
Published: Zug Welscan

MARC

LEADER 00000cas a2200000 a 4500
001 vtls001392143
003 SK-MaSNL
005 20260221113146.0
008 180129duuuuuuuusz x 0 0 0eng c
035 |a SNK000346440 
040 |a SNK  |b slo  |c SNK  |e AACR2 
041 0 |a eng 
044 |a sz  |c CH 
245 0 0 |a Finland 
260 |a Zug  |b Welscan 
300 |a zv.  |c cm 
910 |a snk 
999 |c 1504  |d 3434 
952 |0 0  |1 1  |4 0  |7 0  |8 2  |a SNK  |b SNK  |d 2000-11-22  |i snkV 1928/2000  |l 0  |o snkČB 5717/1999  |p 17A0256601  |r 2005-01-02 00:00:00  |w 2026-02-21  |y PREZ